000 00639nam a2200241Ia 4500
003 OSt
005 20221005043251.0
006 a|||||r|||| 00| 0
007 ta
008 221004b |||||||| |||| 00| 0 eng d
024 _a64900
037 _cTextual
040 _aCRL
_cCRL
_beng
041 _2eng
_aeng
082 _aV44Q7.N9, M8
100 _aChoudhury Golam W
245 0 _aPakistan
_b Transition from military to civilian rule
260 _aEngland
_bScorpion
_c1988
300 _a256p.
_ccm.
650 _aHISTORY
942 _hV44Q7.N9, M8
_cTEXL
_2cc
999 _c951570
_d951570